| 000 | 00782nam a2200277 i 4500 | ||
|---|---|---|---|
| 999 |
_c21713 _d21713 |
||
| 001 | 4596003 | ||
| 003 | BDDh-ASL | ||
| 005 | 20231015030030.0 | ||
| 008 | 760302s1975 ii b b 001 0 eng | ||
| 010 | _a 75903382 | ||
| 020 | _cRs90.00 | ||
| 040 |
_aDLC _cDLC _dDLC _dBDDh-ASL |
||
| 043 | _aa-np--- | ||
| 050 | 0 | 0 |
_aDS495.5 _b.N37 |
| 082 | 0 | 0 |
_a954.2632 _bNAN |
| 100 | 1 | _aNath, Tribhuvan | |
| 245 | 1 | 4 |
_aThe Nepalese dilemma, 1960-74 / _cTribhuvan Nath. |
| 250 | _a1st ed. | ||
| 260 |
_aNew Delhi : _bSterling Publishers, _c1975. |
||
| 300 |
_ax, 528 p. : _bmap ; _c22 cm. |
||
| 500 | _aIncludes index. | ||
| 504 | _aBibliography: p. [519]-521. | ||
| 651 | 0 |
_aNepal _xPolitics and government. |
|
| 906 |
_a7 _bcbc _corignew _d4 _encip _f19 _gy-gencatlg |
||
| 942 |
_2ddc _cBK |
||